000 00415nam a2200169Ia 4500
100 _aDoshi/J.B
650 _aDifferential equations
942 _cBK
366 _f20
654 _adifferential equations
245 _aDifferential equations for scientists and engineers
260 _bNarosa Publication House
_c2010
082 _a515.35
_bDOS
300 _a326
546 _aENGLISH
_cproduction
999 _c20222
_d20222